000 00896nas a2200277 4500
001 BR8100500
003 BR-BrBNA
005 20231205084515.0
007 ta
008 230509b bl.|||p| |||| 00| 00por d
040 _aBR-BrBNA
_bpor
_cBiblioteca Nacional de Agricultura
041 _a(Pt)
072 _aQ10
100 1 _aBernhardt, L.W.
100 1 _aDelazari, I.
245 1 _aEstudos preliminares sobre a producao e conservacao da pasta de alho [Brasil]
246 1 _aPreliminary studies on garrlic paste processing [Brazil]
650 _aTecnologia de alimento
650 _aPreservacao de alimento
650 _aAlho
650 _aPasta
650 _aIndustria alimenticia
773 0 _tBoletim do Instituto de Tecnologia de Alimentos (Brazil)
_xISSN 0366-0281
_g(Mar 1980), v. 17(1) p. 65-72
_wBR8100500
909 _a202311
_bLúcia
_c55
_dLúcia Elande
942 _2AGRIS
_n0
_cANA
999 _c105643
_d105643